Voice Scrambler / (Record no. 603130)
[ view plain ]
| 000 -LEADER | |
|---|---|
| fixed length control field | 01739nam a22001817a 4500 |
| 003 - CONTROL NUMBER IDENTIFIER | |
| control field | NUST |
| 040 ## - CATALOGING SOURCE | |
| Original cataloging agency | 0 |
| 082 ## - DEWEY DECIMAL CLASSIFICATION NUMBER | |
| Classification number | 621.382,MIR |
| 100 ## - MAIN ENTRY--PERSONAL NAME | |
| Personal name | Mir, Taimoor |
| 245 ## - TITLE STATEMENT | |
| Title | Voice Scrambler / |
| Statement of responsibility, etc. | Captain Taimoor Mir, Captain Raja Muhammad Rashid Zaman and Captain Jaseem Ali. (BETE-56) |
| 264 ## - PRODUCTION, PUBLICATION, DISTRIBUTION, MANUFACTURE, AND COPYRIGHT NOTICE | |
| Place of production, publication, distribution, manufacture | MCS, NUST |
| Name of producer, publisher, distributor, manufacturer | Rawalpindi |
| Date of production, publication, distribution, manufacture, or copyright notice | 2023 |
| 300 ## - PHYSICAL DESCRIPTION | |
| Extent | x,26 p |
| 505 ## - FORMATTED CONTENTS NOTE | |
| Formatted contents note | In today's world, the security of sensitive information being communicated over voice channels has become a major concern. Many voice terminals, including mobile phones and telephone exchanges, lack encryption, making them vulnerable to hacking and eavesdropping. The objective of this project is to design and develop a voice scrambler that can modify the sound of a person's voice in real time using bit-shifting techniques, making it difficult for unauthorized listeners to understand or intercept the conversation. The proposed system has been tested and validated through simulations, tests, and trials, demonstrating its efficiency in scrambling the input voice signal. The system's effectiveness in ensuring the confidentiality of transmitted information has also been established, making it a promising solution for secure voice communication. It is believed that the proposed voice scrambler can play an essential role in protecting the privacy and security of sensitive or classified communications and could be adopted by organizations and individuals who require secure communication channels. Further research and development in this area could lead to the creation of even more advanced voice-scrambling technologies. |
| 650 ## - SUBJECT ADDED ENTRY--TOPICAL TERM | |
| Topical term or geographic name entry element | UG EE Project |
| 690 ## - LOCAL SUBJECT ADDED ENTRY--TOPICAL TERM (OCLC, RLIN) | |
| Topical term or geographic name as entry element | BETE-56 |
| 700 ## - ADDED ENTRY--PERSONAL NAME | |
| Personal name | Supervisor Dr Abdul Wakeel |
| 942 ## - ADDED ENTRY ELEMENTS (KOHA) | |
| Source of classification or shelving scheme | |
| Koha item type | Project Report |
| Withdrawn status | Permanent Location | Current Location | Shelving location | Date acquired | Full call number | Barcode | Koha item type |
|---|---|---|---|---|---|---|---|
| Military College of Signals (MCS) | Military College of Signals (MCS) | Reference | 09/23/2023 | 621.382,MIR | MCSPTE-336 | Project Report |
